| 000 | 02449cam a2200421 i 4500 | ||
|---|---|---|---|
| 999 |
_c28744 _d28715 |
||
| 001 | 19384575 | ||
| 003 | EG-ScBUE | ||
| 005 | 20200919114414.0 | ||
| 008 | 161123s2007 enk f bd 000 0 eng d | ||
| 020 | _a9780415351720 (pbk.: alk. paper) | ||
| 020 | _a0415351723 (pbk.: alk. paper) | ||
| 035 | _a(OCoLC)ocm67921828 | ||
| 040 |
_aDLC _beng _erda _cDLC _dBAKER _dBWKUK _dYDXCP _dYDX _dUKM _dOCLNG _dHEBIS _dDEBBG _dOCL _dEUM _dOCL _dOCLCQ _dDEBSZ _dTULIB _dBDX _dOCLCO _dOCLCF _dOCLCQ _dBEDGE _dOCLCO _dOCLCQ _dBTCTA _dUV0 _dFN2 _dOCLCQ _dDLC _dEG-ScBUE |
||
| 082 | 0 | 4 |
_a420.3 _bPEA _222 |
| 100 | 1 |
_aPearce, Michael _c(Linguist) _eauthor. |
|
| 245 | 1 | 4 |
_aThe Routledge dictionary of English language studies / _cMichael Pearce. |
| 264 | 1 |
_aLondon ; _aNew York : _bRoutledge, _c2007. |
|
| 300 |
_axi, 211 pages ; _c23 cm. |
||
| 336 |
_atext _btxt _2rdacontent |
||
| 337 |
_aunmediated _bn _2rdamedia |
||
| 338 |
_avolume _bnc _2rdacarrier |
||
| 490 | 0 | _aRoutledge dictionaries | |
| 504 | _aIncludes bibliographical references. | ||
| 520 | _aDefining and discussing important areas of language including discourse analysis, pedagogy, sociolinguistics and literacy, this user-friendly guide contains 600 widely used terms in the study of the English language. It covers the development of the language, its range of regional variation, and contemporary English usage. | ||
| 650 | 7 |
_aEnglish language _xHistory _vDictionaries. _2BUEsh |
|
| 650 | 7 |
_aEnglish language _vGlossaries, vocabularies, etc. _2BUEsh |
|
| 650 | 7 |
_aPhilology _vDictionaries. _2BUEsh |
|
| 653 |
_bHHUUEENN _cSeptember2020 |
||
| 655 |
_vReading book _934232 |
||
| 856 | 4 | 1 |
_3Table of contents _uhttp://catdir.loc.gov/catdir/toc/ecip0612/2006012397.html |
| 856 | 4 | 1 |
_3Table of contents _uhttp://bvbr.bib-bvb.de:8991/F?func=service&doc_library=BVB01&doc_number=014774119&line_number=0001&func_code=DB_RECORDS&service_type=MEDIA |
| 856 | 4 | 1 |
_3Table of contents _uhttp://digitool.hbz-nrw.de:1801/webclient/DeliveryManager?pid=1905546&custom_att_2=simple_viewer |
| 856 | 4 | 1 |
_3Table of contents _uhttp://bvbr.bib-bvb.de:8991/F?func=service&doc_library=BVB01&local_base=BVB01&doc_number=014774119&line_number=0001&func_code=DB_RECORDS&service_type=MEDIA |
| 856 | 4 | 2 |
_3Publisher description _uhttp://catdir.loc.gov/catdir/enhancements/fy0654/2006012397-d.html |
| 906 |
_a7 _bcbc _ccopycat _d2 _eepcn _f20 _gy-gencatlg |
||
| 942 |
_2ddc _cREFERENCE |
||